Dessinez la Carte du Monde - Statistiques

Statistiques générales
  • Ce quiz a été pris 337 fois
  • Le résultat moyen est 211 sur 799
Réponses sur la Carte
Les réponses sont colorées sur une échelle allant du rouge au vert en fonction du pourcentage des utilisateurs qui les ont devinées à leur premier essai. Vous pouvez retrouver ces pourcentages ci-dessous.
 
Statistiques - réponses
ANSWER % Correct
Canada-États-Unis
78%
États-Unis-Golfe du Mexique
74%
Mexique-États-Unis
74%
France-Espagne
71%
États-Unis-Océan Pacifique
67%
États-Unis-Océan Atlantique
66%
France-Allemagne
66%
France-Italie
66%
France-Océan Atlantique
65%
Belgique-France
64%
France-Suisse
64%
Canada-Océan Atlantique
61%
Canada-Océan Pacifique
61%
France-Mer Méditerranée
59%
Portugal-Espagne
59%
Andorre-France
58%
Espagne-Mer Méditerranée
55%
France-Manche
55%
Chine-Russie
54%
France-Luxembourg
54%
Mexique-Océan Pacifique
54%
France-Monaco
53%
Brésil-France
51%
Italie-Mer Méditerranée
51%
Argentine-Brésil
49%
Finlande-Suède
49%
Italie-Suisse
49%
Biélorussie-Russie
48%
Portugal-Océan Atlantique
48%
Algérie-Maroc
47%
Andorre-Espagne
47%
Brésil-Océan Atlantique
47%
Espagne-Océan Atlantique
47%
France-Mer du Nord
47%
Kazakhstan-Russie
47%
Mongolie-Russie
47%
Norvège-Suède
47%
Royaume-Uni-Mer d'Irlande
47%
Russie-Ukraine
47%
Guatemala-Mexique
46%
Irlande-Royaume-Uni
46%
Italie-Vatican
46%
Algérie-Tunisie
45%
Allemagne-Pologne
45%
Allemagne-Suisse
45%
Chine-Inde
45%
Italie-Saint-Marin
45%
Algérie-Mer Méditerranée
44%
Argentine-Océan Atlantique
44%
Autriche-Italie
44%
Belgique-Pays-Bas
44%
Chili-Océan Pacifique
44%
Danemark-Allemagne
44%
Finlande-Russie
44%
Italie-Slovénie
44%
Russie-Golfe de Finlande
44%
Allemagne-Pays-Bas
42%
Argentine-Chili
42%
Autriche-Allemagne
42%
Autriche-Suisse
42%
Brésil-Colombie
42%
Brésil-Paraguay
42%
Brésil-Uruguay
42%
Canada-Océan Arctique
42%
Estonie-Lettonie
42%
Lettonie-Lithuanie
42%
Liechtenstein-Suisse
42%
Lithuanie-Russie
42%
Mexique-Mer des Caraïbes
42%
Pologne-Russie
42%
Royaume-Uni-Mer du Nord
42%
Autriche-République Tchèque
41%
Belgique-Allemagne
41%
Belgique-Luxembourg
41%
Bolivie-Brésil
41%
Chine-Mongolie
41%
Estonie-Russie
41%
Iran-Irak
41%
Italie-Mer Adriatique
41%
Maroc-Océan Atlantique
41%
République Tchèque-Allemagne
41%
République Tchèque-Pologne
41%
Yémen-Mer d'Arabie
41%
Afrique du Sud-Océan Atlantique
40%
Bélize-Mexique
40%
Biélorussie-Ukraine
40%
Brésil-Pérou
40%
Corée du Nord-Corée du Sud
40%
Cuba-Mer des Caraïbes
40%
Égypte-Libye
40%
Grèce-Turquie
40%
Lettonie-Russie
40%
Madagascar-Océan Indien
40%
Maroc-Espagne
40%
Niger-Nigeria
40%
Soudan du Sud-Soudan
40%
Algérie-Libye
39%
Algérie-Mali
39%
Autriche-Hongrie
39%
Biélorussie-Pologne
39%
Bosnie-Herzégovine-Croatie
39%
Brésil-Suriname
39%
Brésil-Venezuela
39%
Chine-Népal
39%
Finlande-Norvège
39%
Gambie-Sénégal
39%
Grèce-Macédoine du Nord
39%
Inde-Pakistan
39%
Lesotho-Afrique du Sud
39%
Libye-Tunisie
39%
Mauritanie-Maroc
39%
Oman-Mer d'Arabie
39%
Oman-Yémen
39%
Pérou-Océan Pacifique
39%
République du Congo-République Démocratique du Congo
39%
Royaume-Uni-Manche
39%
Tunisie-Mer de Libye
39%
Tunisie-Mer Méditerranée
39%
Algérie-Niger
38%
Argentine-Paraguay
38%
Australie-Océan Indien
38%
Belgique-Mer du Nord
38%
Brésil-Guyana
38%
Bulgarie-Roumanie
38%
Colombie-Océan Pacifique
38%
Colombie-Panama
38%
Costa Rica-Océan Pacifique
38%
Croatie-Serbie
38%
Équateur-Océan Pacifique
38%
France-Suriname
38%
Inde-Népal
38%
Islande-Océan Atlantique
38%
Mexique-Golfe du Mexique
38%
Moldavie-Roumanie
38%
Moldavie-Ukraine
38%
Panama-Océan Pacifique
38%
République Tchèque-Slovaquie
38%
Albanie-Grèce
36%
Albanie-Macédoine du Nord
36%
Argentine-Uruguay
36%
Autriche-Slovaquie
36%
Autriche-Slovénie
36%
Bhoutan-Chine
36%
Biélorussie-Lettonie
36%
Biélorussie-Lithuanie
36%
Bosnie-Herzégovine-Serbie
36%
Chili-Pérou
36%
Colombie-Venezuela
36%
Costa Rica-Panama
36%
Égypte-Israël
36%
Égypte-Soudan
36%
Équateur-Pérou
36%
Guatemala-Honduras
36%
Honduras-Nicaragua
36%
Irlande-Océan Atlantique
36%
Israël-Jordanie
36%
Kosovo-Monténégro
36%
Macédoine du Nord-Kosovo
36%
Norvège-Russie
36%
Pologne-Slovaquie
36%
Roumanie-Ukraine
36%
Royaume-Uni-Océan Atlantique
36%
Sénégal-Océan Atlantique
36%
Afghanistan-Iran
35%
Allemagne-Luxembourg
35%
Allemagne-Mer du Nord
35%
Autriche-Liechtenstein
35%
Bangladesh-Inde
35%
Bolivie-Paraguay
35%
Bulgarie-Grèce
35%
Bulgarie-Turquie
35%
Chine-Corée du Nord
35%
Colombie-Équateur
35%
Colombie-Pérou
35%
Croatie-Slovénie
35%
Danemark-Mer du Nord
35%
France-Golfe de Gascogne
35%
Guinée-Sénégal
35%
Guyana-Océan Atlantique
35%
Guyana-Suriname
35%
Hongrie-Serbie
35%
Israël-Liban
35%
Liban-Syrie
35%
Lithuanie-Pologne
35%
Mali-Mauritanie
35%
Mali-Sénégal
35%
Namibie-Afrique du Sud
35%
Nicaragua-Océan Pacifique
35%
Oman-Arabie Saoudite
35%
Qatar-Arabie Saoudite
35%
République Centrafricaine-République Démocratique du Congo
35%
Suède-Mer Baltique
35%
Suriname-Océan Atlantique
35%
Tchad-Soudan
35%
Afghanistan-Pakistan
34%
Albanie-Kosovo
34%
Albanie-Monténégro
34%
Algérie-Mauritanie
34%
Angola-République Démocratique du Congo
34%
Arabie Saoudite-Émirats Arabes Unis
34%
Arabie Saoudite-Yémen
34%
Bolivie-Pérou
34%
Bosnie-Herzégovine-Monténégro
34%
Chine-Kazakhstan
34%
Chine-Vietnam
34%
Costa Rica-Nicaragua
34%
Côte d'Ivoire-Ghana
34%
Cuba-Océan Atlantique
34%
Eswatini-Afrique du Sud
34%
France-Pays-Bas
34%
Grèce-Mer Égée
34%
Guatemala-Océan Pacifique
34%
Guinée-Guinée-Bissau
34%
Hongrie-Roumanie
34%
Hongrie-Slovaquie
34%
Hongrie-Ukraine
34%
Japon-Océan Pacifique
34%
Jordanie-Syrie
34%
Libye-Soudan
34%
Macédoine du Nord-Serbie
34%
Mauritanie-Océan Atlantique
34%
Mauritanie-Sénégal
34%
Monténégro-Serbie
34%
Namibie-Océan Atlantique
34%
Norvège-Mer du Nord
34%
Pays-Bas-Mer du Nord
34%
Pologne-Ukraine
34%
République Centrafricaine-République du Congo
34%
Roumanie-Serbie
34%
Russie-Mer Noire
34%
Salvador-Océan Pacifique
34%
Serbie-Kosovo
34%
Tchad-Libye
34%
Tchad-Niger
34%
Ukraine-Mer Noire
34%
Venezuela-Mer des Caraïbes
34%
Afrique du Sud-Océan Indien
33%
Afrique du Sud-Zimbabwe
33%
Angola-Namibie
33%
Argentine-Bolivie
33%
Bélize-Guatemala
33%
Bénin-Togo
33%
Bhoutan-Inde
33%
Bolivie-Chili
33%
Botswana-Afrique du Sud
33%
Bulgarie-Macédoine du Nord
33%
Cameroun-République Centrafricaine
33%
Chine-Birmanie
33%
Chine-Pakistan
33%
Colombie-Mer des Caraïbes
33%
Corée du Nord-Russie
33%
Croatie-Hongrie
33%
Danemark-Océan Atlantique
33%
Émirats Arabes Unis-Golfe d'Oman
33%
États-Unis-Mer de Béring
33%
Éthiopie-Somalie
33%
France-Océan Indien
33%
Gambie-Océan Atlantique
33%
Géorgie-Russie
33%
Ghana-Togo
33%
Guyana-Venezuela
33%
Kazakhstan-Kirghizistan
33%
Kazakhstan-Ouzbékistan
33%
Kenya-Tanzanie
33%
Lettonie-Mer Baltique
33%
Libye-Niger
33%
Lithuanie-Mer Baltique
33%
Mali-Niger
33%
Norvège-Océan Arctique
33%
Nouvelle-Zélande-Océan Pacifique
33%
Oman-Émirats Arabes Unis
33%
République Centrafricaine-Tchad
33%
Salvador-Guatemala
33%
Salvador-Honduras
33%
Uruguay-Océan Atlantique
33%
Venezuela-Océan Atlantique
33%
Afghanistan-Chine
32%
Afghanistan-Turkménistan
32%
Allemagne-Mer Baltique
32%
Angola-Océan Atlantique
32%
Bénin-Niger
32%
Bénin-Nigeria
32%
Bulgarie-Mer Noire
32%
Bulgarie-Serbie
32%
Burkina Faso-Mali
32%
Cameroun-Gabon
32%
Cameroun-Golfe de Guinée
32%
Cameroun-Nigeria
32%
Cameroun-République du Congo
32%
Côte d'Ivoire-Golfe de Guinée
32%
Côte d'Ivoire-Guinée
32%
Croatie-Mer Adriatique
32%
Espagne-Golfe de Gascogne
32%
Estonie-Mer Baltique
32%
Éthiopie-Soudan
32%
Finlande-Mer Baltique
32%
Guatemala-Mer des Caraïbes
32%
Guinée-Bissau-Sénégal
32%
Guinée-Océan Atlantique
32%
Guinée-Sierra Leone
32%
Hongrie-Slovénie
32%
Jamaïque-Mer des Caraïbes
32%
Jordanie-Arabie Saoudite
32%
Kazakhstan-Turkménistan
32%
Kenya-Océan Indien
32%
Laos-Vietnam
32%
Libéria-Sierra Leone
32%
Mozambique-Afrique du Sud
32%
Mozambique-Zimbabwe
32%
Nicaragua-Mer des Caraïbes
32%
Panama-Mer des Caraïbes
32%
Pologne-Mer Baltique
32%
République Centrafricaine-Soudan
32%
République Démocratique du Congo-Océan Atlantique
32%
République Démocratique du Congo-Rwanda
32%
République Démocratique du Congo-Zambie
32%
République Dominicaine-Haïti
32%
République Dominicaine-Mer des Caraïbes
32%
Roumanie-Mer Noire
32%
Somalie-Océan Indien
32%
Syrie-Turquie
32%
Tchad-Nigeria
32%
Turquie-Mer Noire
32%
Zambie-Zimbabwe
32%
Albanie-Mer Adriatique
31%
Angola-République du Congo
31%
Arménie-Géorgie
31%
Bélize-Mer des Caraïbes
31%
Bosnie-Herzégovine-Mer Adriatique
31%
Burkina Faso-Côte d'Ivoire
31%
Cambodge-Golfe de Thaïlande
31%
Cambodge-Laos
31%
Cambodge-Thaïlande
31%
Cameroun-Tchad
31%
Chine-Laos
31%
Côte d'Ivoire-Libéria
31%
Cuba-Golfe du Mexique
31%
Danemark-Mer Baltique
31%
Djibouti-Somalie
31%
Égypte-Mer Rouge
31%
Érythrée-Éthiopie
31%
Espagne-Royaume-Uni
31%
Estonie-Golfe de Finlande
31%
États-Unis-Mer des Caraïbes
31%
Éthiopie-Soudan du Sud
31%
France-Océan Pacifique
31%
Gabon-Golfe de Guinée
31%
Géorgie-Mer Noire
31%
Guinée-Mali
31%
Haïti-Mer des Caraïbes
31%
Honduras-Mer des Caraïbes
31%
Indonésie-Malaisie
31%
Irak-Jordanie
31%
Irak-Koweit
31%
Irak-Syrie
31%
Iran-Turkménistan
31%
Iran-Turquie
31%
Koweit-Arabie Saoudite
31%
Monténégro-Mer Adriatique
31%
Mozambique-Océan Indien
31%
Mozambique-Tanzanie
31%
Mozambique-Zambie
31%
République Centrafricaine-Soudan du Sud
31%
République du Congo-Océan Atlantique
31%
Slovaquie-Ukraine
31%
Sri Lanka-Océan Indien
31%
Tanzanie-Océan Indien
31%
Afghanistan-Ouzbékistan
29%
Afghanistan-Tadjikistan
29%
Angola-Zambie
29%
Arménie-Turquie
29%
Azerbaidjan-Russie
29%
Bahamas-Océan Atlantique
29%
Bénin-Burkina Faso
29%
Birmanie-Thaïlande
29%
Botswana-Zimbabwe
29%
Burkina Faso-Ghana
29%
Burkina Faso-Niger
29%
Burkina Faso-Togo
29%
Burundi-République Démocratique du Congo
29%
Chine-Kirghizistan
29%
Chine-Tadjikistan
29%
Costa Rica-Mer des Caraïbes
29%
Côte d'Ivoire-Mali
29%
Djibouti-Érythrée
29%
Éthiopie-Kenya
29%
Fidji-Océan Pacifique
29%
Géorgie-Turquie
29%
Guinée-Bissau-Océan Atlantique
29%
Guinée-Libéria
29%
Honduras-Océan Pacifique
29%
Inde-Birmanie
29%
Indonésie-Papouasie-Nouvelle-Guinée
29%
Irak-Arabie Saoudite
29%
Irak-Turquie
29%
Iran-Pakistan
29%
Kirghizistan-Ouzbékistan
29%
Libéria-Océan Atlantique
29%
Malawi-Mozambique
29%
Maurice-Océan Indien
29%
Mozambique-Lac Malawi
29%
Russie-Mer Baltique
29%
Sierra Leone-Océan Atlantique
29%
Slovénie-Mer Adriatique
29%
Azerbaidjan-Géorgie
28%
Azerbaidjan-Iran
28%
Botswana-Namibie
28%
Brunei-Malaisie
28%
Cambodge-Vietnam
28%
Cameroun-Guinée Équatoriale
28%
Canada-Lac Érié
28%
Djibouti-Éthiopie
28%
Érythrée-Soudan
28%
Eswatini-Mozambique
28%
France-Mer des Caraïbes
28%
Gabon-Océan Atlantique
28%
Guinée Équatoriale-Gabon
28%
Haïti-Océan Atlantique
28%
Indonésie-Océan Indien
28%
Kazakhstan-Mer Caspienne
28%
Kenya-Ouganda
28%
Kirghizistan-Tadjikistan
28%
République Démocratique du Congo-Ouganda
28%
République Démocratique du Congo-Soudan du Sud
28%
Russie-Mer de Béring
28%
Sainte-Lucie-Mer des Caraïbes
28%
Soudan du Sud-Ouganda
28%
Tonga-Océan Pacifique
28%
Arabie Saoudite-Mer Rouge
27%
Arménie-Azerbaidjan
27%
Botswana-Zambie
27%
Cap-Vert-Océan Atlantique
27%
Dominique-Mer des Caraïbes
27%
États-Unis-Lac Érié
27%
États-Unis-Lac Michigan
27%
Ghana-Golfe de Guinée
27%
Grèce-Mer Ionienne
27%
Grenade-Mer des Caraïbes
27%
Guinée Équatoriale-Golfe de Guinée
27%
Iran-Golfe Persique
27%
Irlande-Mer d'Irlande
27%
Italie-Mer Ionienne
27%
Kenya-Somalie
27%
Kenya-Soudan du Sud
27%
Malawi-Tanzanie
27%
Nauru-Océan Pacifique
27%
Nigeria-Golfe de Guinée
27%
République Dominicaine-Océan Atlantique
27%
Russie-Mer Caspienne
27%
Saint-Christophe-et-Niévès-Mer des Caraïbes
27%
Saint-Vincent-et-les-Grenadines-Mer des Caraïbes
27%
Samoa-Océan Pacifique
27%
Seychelles-Océan Indien
27%
Tadjikistan-Ouzbékistan
27%
Tanzanie-Lac Malawi
27%
Trinité-et-Tobago-Océan Atlantique
27%
Turkménistan-Ouzbékistan
27%
Albanie-Mer Ionienne
26%
Antigua-et-Barbuda-Mer des Caraïbes
26%
Arabie Saoudite-Golfe Persique
26%
Australie-Mer de Tasman
26%
Barbade-Mer des Caraïbes
26%
Bénin-Golfe de Guinée
26%
Émirats Arabes Unis-Golfe Persique
26%
Îles Marshall-Océan Pacifique
26%
Îles Salomon-Océan Pacifique
26%
Indonésie-Mer de Timor
26%
Kiribati-Océan Pacifique
26%
Koweit-Golfe Persique
26%
Laos-Thaïlande
26%
Malaisie-Thaïlande
26%
Maldives-Océan Indien
26%
Namibie-Zambie
26%
Norvège-Mer de Norvège
26%
Panama-Golfe de Panama
26%
République du Congo-Gabon
26%
Rwanda-Ouganda
26%
Soudan-Mer Rouge
26%
Togo-Golfe de Guinée
26%
Trinité-et-Tobago-Mer des Caraïbes
26%
Turquie-Mer Égée
26%
Azerbaidjan-Mer Caspienne
25%
Burundi-Rwanda
25%
Burundi-Tanzanie
25%
Canada-Danemark
25%
Chine-Mer de Chine Méridionale
25%
Danemark-Océan Arctique
25%
Érythrée-Mer Rouge
25%
Espagne-Mer des Baléares
25%
États Fédérés de Micronésie-Océan Pacifique
25%
Iran-Mer Caspienne
25%
Israël-Syrie
25%
Japon-Mer du Japon
25%
Laos-Birmanie
25%
Palaos-Océan Pacifique
25%
Royaume-Uni-Mer Celtique
25%
Russie-Océan Pacifique
25%
Sao Tomé-et-Principe-Golfe de Guinée
25%
Tanzanie-Zambie
25%
Turkménistan-Mer Caspienne
25%
Tuvalu-Océan Pacifique
25%
Arménie-Iran
24%
Bahrein-Golfe Persique
24%
Canada-Baie d'Hudson
24%
Canada-Détroit d'Hudson
24%
Chine-Détroit de Taïwan
24%
Chine-Mer Jaune
24%
Croatie-Monténégro
24%
Inde-Baie du Bengale
24%
Irak-Golfe Persique
24%
Irlande-Mer Celtique
24%
Italie-Mer Tyrrhénienne
24%
Malawi-Zambie
24%
Pakistan-Mer d'Arabie
24%
Vanuatu-Océan Pacifique
24%
Yémen-Mer Rouge
24%
Antigua-et-Barbuda-Océan Atlantique
22%
Bangladesh-Birmanie
22%
Barbade-Océan Atlantique
22%
Bolivie-Lac Titicaca
22%
Canada-Lac Supérieur
22%
Danemark-Mer du Groenland
22%
Djibouti-Mer Rouge
22%
Égypte-Golfe de Suez
22%
France-Mer Celtique
22%
France-Mer Tyrrhénienne
22%
Israël-Mer Morte
22%
Pérou-Lac Titicaca
22%
Royaume-Uni-Mer des Caraïbes
22%
Russie-Mer du Japon
22%
Rwanda-Tanzanie
22%
Saint-Vincent-et-les-Grenadines-Océan Atlantique
22%
Tanzanie-Ouganda
22%
Bangladesh-Golfe du Bengale
21%
Birmanie-Baie du Bengale
21%
Canada-Golfe du Saint-Laurent
21%
Chine-Mer de Chine Orientale
21%
Corée du Sud-Mer du Japon
21%
États-Unis-Lac Supérieur
21%
France-Mer Ligure
21%
Grenade-Océan Atlantique
21%
Inde-Mer d'Arabie
21%
Indonésie-Mer de Java
21%
Italie-Mer Ligure
21%
Pays-Bas-Mer des Caraïbes
21%
Philippines-Mer de Chine Méridionale
21%
Qatar-Golfe Persique
21%
Russie-Mer d'Azov
21%
Ukraine-Mer d'Azov
21%
Yémen-Golfe d'Aden
21%
Azerbaidjan-Turquie
20%
Canada-Lac Huron
20%
Dominique-Océan Atlantique
20%
Jordanie-Mer Morte
20%
Kenya-Lac Victoria
20%
Madagascar-Détroit de Mozambique
20%
Nouvelle-Zélande-Mer de Tasman
20%
Oman-Golfe d'Oman
20%
Philippines-Océan Pacifique
20%
Saint-Christophe-et-Niévès-Océan Atlantique
20%
Sainte-Lucie-Océan Atlantique
20%
Sri Lanka-Baie du Bengale
20%
Tanzanie-Lac Victoria
20%
Vietnam-Mer de Chine Méridionale
20%
Yémen-Océan Indien
20%
Bahrein-Arabie Saoudite
19%
Comores-Détroit de Mozambique
19%
Corée du Sud-Mer de Chine Orientale
19%
Danemark-Mer de Norvège
19%
Djibouti-Golfe d'Aden
19%
Finlande-Golfe de Finlande
19%
Grèce-Mer de Libye
19%
Islande-Mer du Groenland
19%
Italie-Mer de Libye
19%
Japon-Mer de Chine Orientale
19%
Kazakhstan-Mer d'Aral
19%
Monaco-Mer Ligure
19%
Mozambique-Détroit de Mozambique
19%
Ouganda-Lac Victoria
19%
Ouzbékistan-Mer d'Aral
19%
Papouasie-Nouvelle-Guinée-Océan Pacifique
19%
Somalie-Golfe d'Aden
19%
Canada-Lac Ontario
18%
Canada-Mer du Labrador
18%
Corée du Nord-Mer du Japon
18%
Corée du Sud-Mer Jaune
18%
Finlande-Golfe de Botnie
18%
France-Détroit de Mozambique
18%
Libye-Mer de Libye
18%
Malawi-Lac Malawi
18%
Malte-Mer de Libye
18%
Mexique-Golfe de Californie
18%
Philippines-Mer des Philippines
18%
Suède-Golfe de Botnie
18%
Australie-Mer de Corail
16%
Brunei-Mer de Chine Méridionale
16%
États-Unis-Lac Huron
16%
Indonésie-Mer de Célèbes
16%
Indonésie-Timor Oriental
16%
Iran-Golfe d'Oman
16%
Malaisie-Mer de Chine Méridionale
16%
Royaume-Uni-Océan Indien
16%
Royaume-Uni-Océan Pacifique
16%
Tanzanie-Lac Tanganyika
16%
Thaïlande-Golfe de Thaïlande
16%
Vietnam-Golfe de Thaïlande
16%
Corée du Nord-Mer Jaune
15%
Égypte-Golfe d'Aqaba
15%
Indonésie-Détroit de Malacca
15%
Indonésie-Océan Pacifique
15%
Malaisie-Détroit de Malacca
15%
Pakistan-Golfe d'Oman
15%
République Démocratique du Congo-Lac Tanganyika
15%
Russie-Mer d'Okhotsk
15%
Sri Lanka-Mer des Laquedives
15%
Taïwan-Mer de Chine Méridionale
15%
Taïwan-Mer des Philippines
15%
Chili-Océan Atlantique
14%
Espagne-Mer d'Alboran
14%
Estonie-Golfe de Riga
14%
États-Unis-Lac Ontario
14%
Inde-Mer des Laquedives
14%
Israël-Golfe d'Aqaba
14%
Maldives-Mer des Laquedives
14%
Russie-Mer de Barents
14%
Argentine-Mer d'Argentine
13%
Argentine-Río de la Plata
13%
Burundi-Lac Tanganyika
13%
Canada-Baie de Baffin
13%
Chypre-Mer Levantine
13%
Danemark-Baie de Baffin
13%
Danemark-Kattegat
13%
Danemark-Mer du Labrador
13%
Égypte-Mer Levantine
13%
Grèce-Mer Levantine
13%
Indonésie-Mer de Chine Méridionale
13%
Iran-Détroit d'Ormuz
13%
Israël-Mer Levantine
13%
Japon-Mer d'Okhotsk
13%
Jordanie-Golfe d'Aqaba
13%
Lettonie-Golfe de Riga
13%
Liban-Mer Levantine
13%
Norvège-Océan Atlantique
13%
Oman-Détroit d'Ormuz
13%
Pays-Bas-Océan Atlantique
13%
Suède-Kattegat
13%
Syrie-Mer Levantine
13%
Thaïlande-Détroit de Malacca
13%
Turquie-Mer Levantine
13%
Uruguay-Río de la Plata
13%
Zambie-Lac Tanganyika
13%
Algérie-Mer d'Alboran
12%
Arabie Saoudite-Golfe d'Aqaba
12%
Australie-Mer de Timor
12%
Chili-Détroit de Magellan
12%
Chypre-Royaume-Uni
12%
Danemark-Skagerrak
12%
États-Unis-Golfe d'Alaska
12%
États-Unis-Golfe du Maine
12%
Libye-Mer Levantine
12%
Maroc-Mer d'Alboran
12%
Norvège-Mer du Groenland
12%
Norvège-Skagerrak
12%
Russie-Mer Blanche
12%
Suède-Skagerrak
12%
Taïwan-Détroit de Taïwan
12%
Taïwan-Mer de Chine Orientale
12%
Thaïlande-Mer d'Andaman
12%
Turquie-Mer de Marmara
12%
Venezuela-Lac Maracaibo
12%
Birmanie-Mer d'Andaman
11%
Canada-Golfe du Maine
11%
États Fédérés de Micronésie-Mer des Philippines
11%
Inde-Mer d'Andaman
11%
Indonésie-Mer d'Andaman
11%
Japon-Baie de Tokyo
11%
Japon-Mer des Philippines
11%
Norvège-Mer de Barents
11%
Palaos-Mer des Philippines
11%
Papouasie-Nouvelle-Guinée-Mer de Corail
11%
Royaume-Uni-Mer d'Argentine
11%
Timor Oriental-Mer de Timor
11%
Australie-Grande Baie Australienne
9%
Estonie-Lac Peïpous
9%
France-Golfe du Saint-Laurent
9%
France-Mer de Corail
9%
Malaisie-Mer de Célèbes
9%
Royaume-Uni-Baie de Cardigan
9%
Royaume-Uni-Canal de Bristol
9%
Royaume-Uni-Mer d'Alboran
9%
Royaume-Uni-Mer Levantine
9%
Russie-Lac Peïpous
9%
Zambie-Lac Kariba
9%
Zimbabwe-Lac Kariba
9%
Canada-Baie James
8%
Canada-Passage du Nord-Ouest
8%
Chine-Golfe du Tonkin
8%
États-Unis-Baie de San Francisco
8%
Îles Salomon-Mer des Salomon
8%
Indonésie-Détroit de Makassar
8%
Indonésie-Mer des Moluques
8%
Mexique-Baie de Campeche
8%
Papouasie-Nouvelle-Guinée-Mer des Salomon
8%
Philippines-Mer de Célèbes
8%
République Démocratique du Congo-Lac Albert
8%
Vietnam-Golfe du Tonkin
8%
Australie-Mer d'Arafura
7%
Canada-Mer de Beaufort
7%
Indonésie-Mer d'Arafura
7%
Nouvelle-Zélande-Détroit de Cook
7%
Ouganda-Lac Édouard
7%
République Démocratique du Congo-Lac Édouard
7%
République Démocratique du Congo-Lac Kivu
7%
Russie-Mer de Sibérie Orientale
7%
Rwanda-Lac Kivu
7%
Singapour-Mer de Chine Méridionale
7%
Venezuela-Golfe du Venezuela
7%
Canada-Détroit de Davis
6%
Canada-Lac des Bois
6%
Danemark-Détroit de Davis
6%
États-Unis-Lac des Bois
6%
États-Unis-Mer de Beaufort
6%
États-Unis-Mer des Philippines
6%
Malaisie-Mer de Sulu
6%
Ouganda-Lac Albert
6%
Papouasie-Nouvelle-Guinée-Mer d'Arafura
6%
Papouasie-Nouvelle-Guinée-Mer de Bismarck
6%
Philippines-Mer de Sulu
6%
Russie-Mer de Kara
6%
Vanuatu-Mer de Corail
6%
Australie-Détroit de Bass
5%
Chine-Baie de Hangzhou
5%
Chine-Delta de la Rivière des Perles
5%
Chine-Mer de Bohai
5%
États-Unis-Détroit de Long Island
5%
États-Unis-Mer des Tchouktches
5%
Éthiopie-Lac Turkana
5%
Îles Salomon-Mer de Corail
5%
Indonésie-Mer de Banda
5%
Indonésie-Mer de Flores
5%
Indonésie-Mer de Savu
5%
Kenya-Lac Turkana
5%
République Démocratique du Congo-Lac Mweru
5%
Royaume-Uni-Mer des Sargasses
5%
Russie-Mer de Laptev
5%
Zambie-Lac Mweru
5%
Australie-Golfe de Carpentarie
4%
Australie-Golfe St Vincent
4%
Canada-Baie d'Ungava
4%
Canada-Mer des Salish
4%
États-Unis-Baie de Mobile
4%
États-Unis-Baie du Delaware
4%
États-Unis-Mer des Salish
4%
Indonésie-Golfe de Tomini
4%
Ouzbékistan-Lac Sarygamych
4%
Russie-Golfe d'Ob
4%
Russie-Mer des Tchouktches
4%
Timor Oriental-Mer de Banda
4%
Timor Oriental-Mer de Savu
4%
Turkménistan-Lac Sarygamych
4%
Australie-Golfe Spencer
2%
Canada-Golfe d'Amundsen
2%
Canada-Golfe du Couronnement
2%
Canada-Lac Sainte-Claire
2%
États-Unis-Baie de Chesapeake
2%
États-Unis-Entrée de Cook
2%
États-Unis-Lac Sainte-Claire
2%
Inde-Golfe de Khambhat
2%
Inde-Golfe de Kutch
2%
Indonésie-Baie de Cenderawasih
2%
Indonésie-Golfe de Boni
2%
Indonésie-Mer de Ceram
2%
Indonésie-Mer d'Halmahera
2%
Russie-Baie de Taui
2%
Russie-Détroit de Tartarie
2%
Russie-Estuaire du Taz
2%
Russie-Golfe d'Anadyr
2%
Russie-Golfe de Buor-Khaya
2%
Russie-Golfe de Chelikhov
2%
Russie-Golfe de Khatanga
2%
Russie-Golfe de Kolyma
2%
Russie-Mer de Petchora
2%
Canada-Baie de Fundy
1%
États-Unis-Baie de Fundy
1%
États-Unis-Détroit de Kotzebue
1%
États-Unis-Norton Sound
1%
Russie-Baie d'Anabar
1%
Russie-Baie de Baydarata
1%
Russie-Baie de Chaunskaya
1%
Russie-Baie de Chosha
1%
Russie-Baie de Gusinaya
1%
Russie-Baie de Khalmyer
1%
Russie-Baie de Khroma
1%
Russie-Baie de Pyasina
1%
Russie-Baie de Yana
1%
Russie-Baie d'Omulyakh
1%
Russie-Golfe d'Olenyok
1%
Turkménistan-Bassin de Garabogazkol
1%
Russie-Baie de Kolyuchinskaya
0%
Aucun quiz correspondant
Distribution des résultats
% des personnes avec chaque résultat
Percentile par nombre de réponses
Votre historique - résultats
Vous n’avez pas pris ce quiz